En Resumen 2010
محفوظ في:
| التنسيق: | نص |
|---|---|
| الوسوم: |
إضافة وسم
لا توجد وسوم, كن أول من يضع وسما على هذه التسجيلة!
|
MARC
| LEADER | 00000 a a2200000 04500 | ||
|---|---|---|---|
| 001 | 44194 | ||
| 003 | |||
| 040 | |||
| 245 | |a En Resumen 2010 | ||
| 773 | |g (2010) | ||
| 999 | |c 37581 |d 37581 | ||
